Southville International School and Colleges
Your cart is empty.
  • Cart
  • Lists
    Public lists Eva Luna New books Lux_list list_1
    Your lists Log in to create your own lists
  • Log in to your account
  • Your cookies
  • Search history
Southville International School and Colleges
  • Advanced search
  • Recent comments
  • Most popular
  • Libraries

Log in to your account

Log in with GOOGLE


If you do not have an external account, but do have a local account, you can still log in:

  1. Home
  2. MARC view: Radiology 101 :
Normal view MARC view ISBD view

Radiology 101 : (Record no. 13677)

[ view plain ]
MARC details
000 -LEADER
fixed length control field 02381cam a22005174a 4500
001 - CONTROL NUMBER
control field 15749610
003 - CONTROL NUMBER IDENTIFIER
control field OSt
005 - DATE AND TIME OF LATEST TRANSACTION
control field 20140310182451.0
008 - FIXED-LENGTH DATA ELEMENTS--GENERAL INFORMATION
fixed length control field 090521s2010 paua b 001 0 eng
010 ## - LIBRARY OF CONGRESS CONTROL NUMBER
LC control number 2009021224
015 ## - NATIONAL BIBLIOGRAPHY NUMBER
National bibliography number GBA977258
Source bnb
016 7# - NATIONAL BIBLIOGRAPHIC AGENCY CONTROL NUMBER
Record control number 101505613
Source DNLM
016 7# - NATIONAL BIBLIOGRAPHIC AGENCY CONTROL NUMBER
Record control number 015342205
Source Uk
020 ## - INTERNATIONAL STANDARD BOOK NUMBER
International Standard Book Number 9781605472256 (alk. paper)
020 ## - INTERNATIONAL STANDARD BOOK NUMBER
International Standard Book Number 1605472255 (alk. paper)
035 ## - SYSTEM CONTROL NUMBER
System control number (OCoLC)ocn359166881
040 ## - CATALOGING SOURCE
Original cataloging agency DNLM/DLC
Transcribing agency DLC
Modifying agency YDX
-- BTCTA
-- NLM
-- CDX
-- YDXCP
-- UKM
-- VP@
-- DLC
042 ## - AUTHENTICATION CODE
Authentication code pcc
050 00 - LIBRARY OF CONGRESS CALL NUMBER
Classification number RC 78
Item number .R242 2009
060 00 - NATIONAL LIBRARY OF MEDICINE CALL NUMBER
Classification number 2010 D-927
060 10 - NATIONAL LIBRARY OF MEDICINE CALL NUMBER
Classification number WN 180
Item number R1295 2010
082 00 - DEWEY DECIMAL CLASSIFICATION NUMBER
Classification number 616.07/54
100 ## - MAIN ENTRY--PERSONAL NAME
Personal name William E. Erkonen ;
9 (RLIN) 8819
245 00 - TITLE STATEMENT
Title Radiology 101 :
Remainder of title the basics and fundamentals of imaging /
Statement of responsibility, etc editor, William E. Erkonen ; associate editor, Wilbur L. Smith.
246 3# - VARYING FORM OF TITLE
Title proper/short title Radiology one hundred one
246 3# - VARYING FORM OF TITLE
Title proper/short title Radiology one hundred and one
250 ## - EDITION STATEMENT
Edition statement 3rd ed.
260 ## - PUBLICATION, DISTRIBUTION, ETC. (IMPRINT)
Place of publication, distribution, etc Philadelphia :
Name of publisher, distributor, etc Wolters Kluwer/Lippincott Williams & Wilkins,
Date of publication, distribution, etc c2010.
300 ## - PHYSICAL DESCRIPTION
Extent 376 p. :
Other physical details ill. ;
Dimensions 28 cm.
504 ## - BIBLIOGRAPHY, ETC. NOTE
Bibliography, etc Includes bibliographical references and index.
505 0# - FORMATTED CONTENTS NOTE
Formatted contents note Radiography, computed tomography, magnetic resonance imaging, and ultrasonography : principles and indications / William E. Erkonen and Vincent A. Magnotta -- Chest / William E. Erkonen and Brad H. Thompson -- Abdomen / Edmund A. Franken, Jr. -- Pediatric imaging / Wilbur L. Smith -- Musculoskeletal system / William E. Erkonen and Carol A. Boles -- Spine and pelvis / Carol A. Boles --Brain / Wilbur L. Smith -- Head and neck / Yutaka Sato -- Nuclear imaging / David L. Bushnell, Jr. -- Breast imaging / Jeong Mi Park, William E. Erkonen, and Laurie L. Fajardo -- Interventional radiology / Thomas A. Farrell.
562 ## - COPY AND VERSION IDENTIFICATION NOTE
Number of copies For circulation. 1 copy available in the collection
650 #0 - SUBJECT ADDED ENTRY--TOPICAL TERM
Topical term or geographic name as entry element Radiography, Medical.
9 (RLIN) 7516
650 #0 - SUBJECT ADDED ENTRY--TOPICAL TERM
Topical term or geographic name as entry element Diagnosis, Radioscopic.
9 (RLIN) 8117
650 #0 - SUBJECT ADDED ENTRY--TOPICAL TERM
Topical term or geographic name as entry element Diagnostic imaging.
9 (RLIN) 8008
650 12 - SUBJECT ADDED ENTRY--TOPICAL TERM
Topical term or geographic name as entry element Diagnostic Imaging.
9 (RLIN) 8008
650 22 - SUBJECT ADDED ENTRY--TOPICAL TERM
Topical term or geographic name as entry element Radiology.
9 (RLIN) 7935
700 1# - ADDED ENTRY--PERSONAL NAME
Personal name Erkonen, William E.
9 (RLIN) 8118
700 1# - ADDED ENTRY--PERSONAL NAME
Personal name Smith, Wilbur L.
9 (RLIN) 8119
906 ## - LOCAL DATA ELEMENT F, LDF (RLIN)
a 7
b cbc
c orignew
d 1
e ecip
f 20
g y-gencatlg
942 ## - ADDED ENTRY ELEMENTS (KOHA)
Source of classification or shelving scheme Library of Congress Classification
Koha item type
Holdings
Withdrawn status Lost status Source of classification or shelving scheme Damaged status Home library Current library Shelving location Date acquired Total Checkouts Full call number Barcode Date last seen Copy number Price effective from Koha item type Source of acquisition
    Library of Congress Classification   South SEED-LPDH College Library South SEED-LPDH College Library South SEED-LPDH College Section 08/05/2013   RC 78 .R242 2009 SSLC0158 05/15/2018 1 08/05/2013 Books  
    Library of Congress Classification   South SEED-LPDH College Library South SEED-LPDH College Library South SEED-LPDH College Section 08/05/2013   RC 78 .R242 2009 SSLC0099 05/15/2018 2 08/05/2013 Books Donation
    Library of Congress Classification   South SEED-LPDH College Library South SEED-LPDH College Library South SEED-LPDH College Section 08/07/2013   RC 78 .R242 2009 SSLC0163 05/15/2018 1 08/07/2013 Books  

Radiology 101 :

APA

William E. Erkonen, Erkonen W. E. & Smith W. L. (2010). Radiology 101. Philadelphia: Wolters Kluwer/Lippincott Williams & Wilkins.

Chicago

William E. Erkonen, Erkonen William E and Smith Wilbur L. 2010. Radiology 101. Philadelphia: Wolters Kluwer/Lippincott Williams & Wilkins.

Harvard

William E. Erkonen, Erkonen W. E. and Smith W. L. (2010). Radiology 101. Philadelphia: Wolters Kluwer/Lippincott Williams & Wilkins.

MLA

William E. Erkonen, Erkonen William E and Smith Wilbur L. Radiology 101. Philadelphia: Wolters Kluwer/Lippincott Williams & Wilkins. 2010.

  • Place hold
  • Print
  • Cite
  • Add to your cart (remove)
  • Save record
    BIBTEX Dublin Core MARCXML MARC (non-Unicode/MARC-8) MARC (Unicode/UTF-8) MARC (Unicode/UTF-8, Standard) MODS (XML) RIS
  • More searches
    Search for this title in:
    Other Libraries (WorldCat) Other Databases (Google Scholar) Online Stores (Bookfinder.com) Open Library (openlibrary.org)

Exporting to Dublin Core...

SOUTHVILLE LIBRARY

Southville International School and Colleges Library

1281 Tropical Ave. Cor. Luxembourg St., BF Homes International, Las Pinas City

Tel. No. 8256374 / 252358 Loc. 117/146

Powered by Koha